[Event "Stafford Wood Green Blitz op"]
[Site "Stafford"]
[Date "2023.07.16"]
[Round "1.5"]
[White "Wadsworth, Matthew J"]
[Black "Clarke, Neil"]
[Result "1-0"]
[WhiteElo "2347"]
[BlackElo "1721"]
[PlyCount "69"]
[EventDate "2023.07.16"]
[EventType "swiss"]
[EventRounds "9"]
[EventCountry "ENG"]
[SourceTitle "CBM 215 Extra"]
[Source "ChessBase"]
[SourceDate "2023.09.30"]
[SourceVersion "1"]
[SourceVersionDate "2023.09.30"]
[SourceQuality "1"]

1. Nf3 g6 2. g3 Bg7 3. Bg2 Nf6 4. 0-0 0-0 5. c4 d6 6. Nc3 e5 7. d3 Nc6 8. Rb1 Bg4 9. b4 Rb8 10. b5 Ne7 11. h3 Bxf3 12. Bxf3 Qd7 13. Bg2 h6 14. a4 Nf5 15. a5 b6 16. axb6 axb6 17. Bd2 Qe7 18. Na2 Nd4 19. Nb4 Rbe8 20. e3 Nf5 21. Ra1 e4 22. d4 Nh7 23. Nd5 Qd7 24. Ra7 Rc8 25. Nxb6 Qe6 26. Nxc8 Rxc8 27. d5 Qe5 28. Qa1 Qxa1 29. Rfxa1 Bxa1 30. Rxa1 Ng5 31. Ra7 Nf3+ 32. Bxf3 exf3 33. Ba5 Ng7 34. Bxc7 Ne8 35. b6 1-0

[Event "BCF-chT4 2223 (4NCL)"]
[Site "England"]
[Date "2023.05.01"]
[Round "11.32"]
[White "Clarke, Neil"]
[Black "Amato, Giampiero"]
[Result "1/2-1/2"]
[WhiteElo "1973"]
[BlackElo "1958"]
[PlyCount "75"]
[EventDate "2022.11.05"]
[EventType "team-swiss"]
[EventRounds "11"]
[EventCountry "ENG"]
[SourceTitle "EXT 2024"]
[Source "ChessBase"]
[SourceDate "2023.10.10"]
[SourceVersion "1"]
[SourceVersionDate "2023.10.10"]
[SourceQuality "1"]
[WhiteTeam "MASCeteers"]
[BlackTeam "Kingston II"]
[WhiteTeamCountry "ENG"]
[BlackTeamCountry "ENG"]

1. d4 Nf6 2. Nf3 g6 3. Nc3 c5 4. d5 d6 5. e4 Bg7 6. h3 0-0 7. Be3 Na6 8. Be2 Nc7 9. a4 b6 10. Nd2 e6 11. dxe6 Bxe6 12. 0-0 d5 13. Bg5 Qc8 14. Bf3 d4 15. Bxf6 Bxf6 16. Nd5 Nxd5 17. exd5 Bd7 18. Ne4 Bg7 19. Nd6 Qd8 20. Nc4 Qg5 21. Nd2 Rad8 22. Ne4 Qf4 23. Qc1 Qxc1 24. Rfxc1 Bc8 25. c4 dxc3 26. Nxc3 Bb7 27. Rd1 a6 28. Rd2 Rd7 29. Rad1 Rfd8 30. g3 Bd4 31. Rd3 Kg7 32. h4 h5 33. R1d2 Re8 34. Ne2 Bxd5 35. Nxd4 cxd4 36. Bxd5 Rxd5 37. Rxd4 Rxd4 38. Rxd4 1/2-1/2

[Event "BCF-chT4S 1819 (4NCL)"]
[Site "England"]
[Date "2019.04.13"]
[Round "7.131"]
[White "Clarke, Neil"]
[Black "Cook, Brian"]
[Result "0-1"]
[WhiteElo "1907"]
[BlackElo "1598"]
[PlyCount "52"]
[EventDate "2018.11.17"]
[EventType "team-swiss"]
[EventRounds "11"]
[EventCountry "ENG"]
[SourceTitle "EXT 2021"]
[Source "ChessBase"]
[SourceDate "2020.10.23"]
[SourceVersion "1"]
[SourceVersionDate "2020.10.23"]
[SourceQuality "1"]
[WhiteTeam "Shropshire III"]
[BlackTeam "Check Innmates III"]
[WhiteTeamCountry "ENG"]
[BlackTeamCountry "ENG"]

1. Nf3 e6 2. g3 b6 3. Bg2 Bb7 4. 0-0 f5 5. d3 Nf6 6. c4 Be7 7. a3 a5 8. b3 0-0 9. Bb2 Nc6 10. Nbd2 Qe8 11. e4 f4 12. e5 Ng4 13. h3 Nh6 14. g4 Qg6 15. Ne4 Nf7 16. Nfd2 Nfxe5 17. d4 Nd3 18. Bc3 f3 19. Bxf3 Nf4 20. Bg2 Nxg2 21. Kxg2 Nxd4 22. Bxd4 Bxe4+ 23. Nxe4 Qxe4+ 24. f3 Qf4 25. Bg1 Bd6 26. Qe1 a4 0-1

[Event "BCF-chT4S 1819 (4NCL)"]
[Site "England"]
[Date "2019.02.10"]
[Round "6.122"]
[White "Clarke, Neil"]
[Black "Neatherway, A Philip"]
[Result "1/2-1/2"]
[WhiteElo "1907"]
[BlackElo "1793"]
[PlyCount "39"]
[EventDate "2018.11.17"]
[EventType "team-swiss"]
[EventRounds "11"]
[EventCountry "ENG"]
[SourceTitle "EXT 2021"]
[Source "ChessBase"]
[SourceDate "2020.10.23"]
[SourceVersion "1"]
[SourceVersionDate "2020.10.23"]
[SourceQuality "1"]
[WhiteTeam "Shropshire III"]
[BlackTeam "Oxford IV"]
[WhiteTeamCountry "ENG"]
[BlackTeamCountry "ENG"]

1. d4 Nf6 2. Bf4 g6 3. Nc3 d5 4. e3 Bg7 5. Be2 c6 6. Qd2 Nbd7 7. Nf3 Nh5 8. Bg5 h6 9. Bh4 g5 10. Ne5 Nxe5 11. dxe5 Bxe5 12. Bxh5 gxh4 13. f4 Bg7 14. e4 dxe4 15. Qxd8+ Kxd8 16. 0-0-0+ Kc7 17. Nxe4 Bf5 18. Rhe1 Rad8 19. Rxd8 Rxd8 20. Bxf7 1/2-1/2

[Event "BCF-chT4S 1819 (4NCL)"]
[Site "England"]
[Date "2019.01.13"]
[Round "4.124"]
[White "Clarke, Neil"]
[Black "Sanfey, Gregor"]
[Result "1/2-1/2"]
[WhiteElo "1907"]
[BlackElo "1585"]
[PlyCount "75"]
[EventDate "2018.11.17"]
[EventType "team-swiss"]
[EventRounds "11"]
[EventCountry "ENG"]
[SourceTitle "EXT 2021"]
[Source "ChessBase"]
[SourceDate "2020.10.23"]
[SourceVersion "1"]
[SourceVersionDate "2020.10.23"]
[SourceQuality "1"]
[WhiteTeam "Shropshire II"]
[BlackTeam "Barnet Knights II"]
[WhiteTeamCountry "ENG"]
[BlackTeamCountry "ENG"]

1. d4 Nf6 2. Bf4 e6 3. e3 d5 4. Nd2 Bd6 5. Bg3 0-0 6. Bd3 c5 7. c3 Nc6 8. f4 Ne7 9. Qf3 Bd7 10. Bh4 Ng6 11. Bg5 cxd4 12. cxd4 Be7 13. Ne2 Ne8 14. Bxe7 Nxe7 15. 0-0 f5 16. Qh3 Rf6 17. g3 Rh6 18. Qg2 Nf6 19. h3 Qe8 20. Kf2 Qh5 21. Ng1 Ne4+ 22. Nxe4 dxe4 23. Be2 Qe8 24. g4 Bb5 25. g5 Rg6 26. h4 Bxe2 27. Nxe2 e5 28. fxe5 Qb5 29. Rab1 Rc8 30. Nc3 Qd3 31. Rfd1 Qc2+ 32. Kf1 Qxg2+ 33. Kxg2 h6 34. Kf2 hxg5 35. hxg5 Rxg5 36. Rg1 Rxg1 37. Rxg1 a6 38. a3 1/2-1/2

[Event "BCF-chT4S 1819 (4NCL)"]
[Site "England"]
[Date "2018.11.18"]
[Round "2.16"]
[White "Clarke, Neil"]
[Black "Harris, Calum"]
[Result "0-1"]
[WhiteElo "1907"]
[BlackElo "1747"]
[PlyCount "100"]
[EventDate "2018.11.17"]
[EventType "team-swiss"]
[EventRounds "11"]
[EventCountry "ENG"]
[SourceTitle "EXT 2021"]
[Source "ChessBase"]
[SourceDate "2020.10.23"]
[SourceVersion "1"]
[SourceVersionDate "2020.10.23"]
[SourceQuality "1"]
[WhiteTeam "Shropshire II"]
[BlackTeam "West is Best III"]
[WhiteTeamCountry "ENG"]
[BlackTeamCountry "ENG"]

1. d4 Nf6 2. Bf4 d5 3. e3 c5 4. Nf3 Qb6 5. Nc3 Bd7 6. a4 a6 7. Qd2 e6 8. Bd3 Nc6 9. 0-0 cxd4 10. exd4 Nxd4 11. Nxd4 Qxd4 12. Be3 Qh4 13. Bg5 Qh5 14. Be2 Qg6 15. Bd3 Qh5 16. Ne2 Bd6 17. f4 Bc5+ 18. Kh1 Ng4 19. h3 Nf2+ 20. Rxf2 Bxf2 21. Rf1 h6 22. Rxf2 hxg5 23. fxg5 e5 24. Ng3 Qh4 25. Nf5 Bxf5 26. Rxf5 0-0 27. Rxe5 Rad8 28. Qe2 g6 29. Qe3 Qxa4 30. Qf3 Rfe8 31. Qf6 Qc6 32. Qxc6 bxc6 33. Rxe8+ Rxe8 34. Bxa6 c5 35. b3 Re1+ 36. Kh2 Rc1 37. Bb7 Rxc2 38. Bxd5 Re2 39. h4 Kg7 40. Kg3 Rd2 41. Bc4 Rd4 42. Kh3 f6 43. gxf6+ Kxf6 44. g4 g5 45. h5 Ke5 46. h6 Rd6 47. Kg3 Rxh6 48. Kf3 Rh3+ 49. Kg2 Rc3 50. Bf7 Kf4 0-1

[Event "BCF-chT4 0708 (4NCL)"]
[Site "England"]
[Date "2008.02.10"]
[Round "6.1"]
[White "Clarke, Neil"]
[Black "Holland, James P"]
[Result "1/2-1/2"]
[WhiteElo "2005"]
[BlackElo "1795"]
[PlyCount "133"]
[EventDate "2007.09.15"]
[EventType "team-swiss"]
[EventRounds "11"]
[EventCountry "ENG"]
[SourceTitle "EXT 2009"]
[Source "ChessBase"]
[SourceDate "2008.11.26"]
[SourceVersion "1"]
[SourceVersionDate "2008.11.26"]
[SourceQuality "1"]
[WhiteTeam "Halesowen"]
[BlackTeam "Conquistadors II"]
[WhiteTeamCountry "ENG"]
[BlackTeamCountry "ENG"]

1. Nf3 d5 2. b3 c5 3. Bb2 Nc6 4. g3 Nf6 5. Bg2 Bf5 6. 0-0 e6 7. d3 Bd6 8. c4 0-0 9. Nh4 Bg6 10. Nxg6 hxg6 11. cxd5 exd5 12. Nd2 Be5 13. Bxe5 Nxe5 14. Nf3 Qe7 15. Qc2 Rac8 16. Rac1 b5 17. Qb2 d4 18. Rfe1 Rfe8 19. b4 Nxf3+ 20. Bxf3 Red8 21. bxc5 Rxc5 22. Rxc5 Qxc5 23. Rc1 Qb6 24. Rb1 Rc8 25. Kg2 a6 26. a4 Rb8 27. axb5 Qxb5 28. Qxb5 Rxb5 29. Ra1 a5 30. Ra4 Kf8 31. Rxd4 Rb4 32. Rd8+ Ke7 33. Ra8 Ra4 34. e4 Nd7 35. Bd1 Rd4 36. Bc2 Nc5 37. Rxa5 Nxd3 38. Bxd3 Rxd3 39. Ra6 g5 40. h3 g6 41. Ra5 Kf6 42. h4 gxh4 43. gxh4 Rb3 44. f3 Rb8 45. Kg3 Rb1 46. h5 g5 47. Rf5+ Ke6 48. Rxg5 f6 49. Ra5 Rh1 50. f4 Rg1+ 51. Kf2 Rb1 52. Ra6+ Kf7 53. Kf3 Rb3+ 54. Kg4 Rb4 55. Kf5 Rb5+ 56. e5 fxe5 57. fxe5 Rb1 58. Ra7+ Kf8 59. h6 Kg8 60. h7+ Kh8 61. Rd7 Rf1+ 62. Ke6 Re1 63. Kd6 Rd1+ 64. Kc7 Rc1+ 65. Kd8 Rc8+ 66. Ke7 Re8+ 67. Kxe8 1/2-1/2